Districts of Afyonkarahisar - Statistics

General Stats
  • This quiz has been taken 2 times
  • The average score is 6 of 18
Answer Stats
Population District % Correct
47,492 Dinar
100%
324,685 Afyonkarahisar
50%
29,935 Çay
50%
14,404 Çobanlar
50%
11,642 Dazkırı
50%
43,603 Emirdağ
50%
2,107 Kızılören
50%
55,413 Sandıklı
50%
39,566 Sinanpaşa
50%
36,071 Şuhut
50%
9,378 Başmakçı
0%
7,852 Bayat
0%
45,073 Bolvadin
0%
7,173 Evciler
0%
8,644 Hocalar
0%
29,044 İhsaniye
0%
25,033 İscehisar
0%
14,229 Sultandağı
0%
No matching quizzes found
Score Distribution
Percent of People with Each Score
Percentile by Number Answered
Your Score History
You have not taken this quiz